000 00269nam a2200109Ia 4500
005 20251222141946.0
008 251222s9999||||xx |||||||||||||| ||spa||
082 _aREF.500/S74
100 _a"Speck, G.E, comp."
245 0 _aDiccionario científico ilustrado
942 _cLIB
999 _c9535
_d9535